000 00648nam a2200277Ia 4500
005 20260324125327.0
008 008 260324s9999 xx 000 0 eng d
020 _a9781315574424
037 _aEBOOK
040 _aCRL
040 _beng
040 _cCRL
041 _2eng
041 _aeng
084 _qCRL
100 _aMaria Rovisco; Magdalena Nowicka
_91177568
245 0 _aCosmopolitanism in Practice
260 _bTaylor and Francis
260 _c2009
365 _a
365 _b240
856 _uhttp://www.taylorfrancis.com/books/9781315574424
942 _cEBOOK
999 _c1772709
_d1772709